000 00268nam a2200097Ia 4500
001 1219729
005 20250827092757.0
008 250824s9999 xx 000 0 und d
245 0 _aUSTA BİR ŞİFACININ KADİM SIRLARI
_cDR CLİNT G. ROGERS
260 _bDESTEK YAYINLARI
999 _c1219729
_d1219729